Green Grades : can Information Save the Earth? /

Guardado en:
Detalles Bibliográficos
Autor principal: Bullock, Graham (Autor)
Formato: Libro
Lenguaje:inglés
Publicado: Cambridge MIT Press 2017
Materias:
Etiquetas: Agregar Etiqueta
Sin Etiquetas, Sea el primero en etiquetar este registro!

MARC

LEADER 00000nam a22000003a 4500
001 0030901
003 SK-STU
005 20180202103637.5
007 ta
008 180202s ----xo-----e------000-0-----d
020 |a 978-0-262-34098-4 
040 |a STU  |b slo 
041 0 |a eng 
044 |a xxu 
100 1 |a Bullock, Graham  |4 aut 
245 1 0 |a Green Grades :  |b can Information Save the Earth? /  |c aut. Graham Bullock 
260 |a Cambridge  |b MIT Press  |c 2017 
300 |a 390 s. 
650 0 7 |a environmentalistika 
650 0 7 |a Environmentalistika-etika 
650 0 7 |a Environmentalistika-manažment 
996 |b 284M087626  |c M* 14108-1  |l MMKN  |s A  |a 24  |w 0030901_0001